| 000 | 00570cam a2200205ua 4500 | ||
|---|---|---|---|
| 001 | 5306 | ||
| 008 | 120730n ii |||gr||||Z||||||eng | ||
| 020 | _a81-7476-580-8 | ||
| 040 | _cMAIN | ||
| 082 | _a891.4511 | ||
| 100 |
_aKachari, Megan, _eAuthor, |
||
| 245 | 1 | 1 |
_amelodies and guns _cby Megan Kachari |
| 250 | _a1st. | ||
| 260 |
_aNew Delhi: _bUBS publishers distributors pvt. ltd., _c2006. |
||
| 300 |
_axv; 50p: _c23cm. |
||
| 700 |
_aGoswami, Indira, _eEditor, |
||
| 700 |
_aAcharya, Pradip, _eTranslator, |
||
| 700 |
_aBaruah, Manjeet, _eTranslator, |
||
| 942 | _cBK | ||
| 999 |
_c4487 _d4487 |
||